<?xml version="1.0" encoding="UTF-8"?>
<collection xmlns="http://www.loc.gov/MARC21/slim">
 <record>
  <leader>01266naa a2200217 i 4500</leader>
  <controlfield tag="001">acta71455</controlfield>
  <controlfield tag="005">20230605110344.0</controlfield>
  <controlfield tag="008">210118s2012    hu      o     1||   hun d</controlfield>
  <datafield tag="040" ind1=" " ind2=" ">
   <subfield code="a">SZTE Egyetemi Kiadványok Repozitórium</subfield>
   <subfield code="b">hun</subfield>
  </datafield>
  <datafield tag="041" ind1=" " ind2=" ">
   <subfield code="a">hun</subfield>
  </datafield>
  <datafield tag="100" ind1="1" ind2=" ">
   <subfield code="a">Garamvölgyi Bence</subfield>
  </datafield>
  <datafield tag="245" ind1="1" ind2="2">
   <subfield code="a">A közép-kelet-európai radikális, jobboldali pártok támogatottsága az etnikai- és nemzeti kisebbségek függvényében </subfield>
   <subfield code="h">[elektronikus dokumentum] :</subfield>
   <subfield code="b">[absztrakt] /</subfield>
   <subfield code="c"> Garamvölgyi Bence</subfield>
  </datafield>
  <datafield tag="260" ind1=" " ind2=" ">
   <subfield code="a">Szegedi Tudományegyetem Állam- és Jogtudományi Kar</subfield>
   <subfield code="b">Szeged</subfield>
   <subfield code="c">2012</subfield>
  </datafield>
  <datafield tag="300" ind1=" " ind2=" ">
   <subfield code="a">48</subfield>
  </datafield>
  <datafield tag="490" ind1="0" ind2=" ">
   <subfield code="a">ÁJTK Kari tudományos diákköri konferencia</subfield>
  </datafield>
  <datafield tag="650" ind1=" " ind2="4">
   <subfield code="a">Társadalomtudományok</subfield>
  </datafield>
  <datafield tag="650" ind1=" " ind2="4">
   <subfield code="a">Politikatudomány</subfield>
  </datafield>
  <datafield tag="695" ind1=" " ind2=" ">
   <subfield code="a">Politikai élet - Közép-Kelet-Európa - előadáskivonat, Politikai élet - Magyarország - előadáskivonat, Politikai élet - Szlovákia - előadáskivonat, Politikai élet - Románia - előadáskivonat, Politikai élet - Bulgária - előadáskivonat, Kisebbség -  előadáskivonat, Cigányok - előadáskivonat</subfield>
  </datafield>
  <datafield tag="700" ind1="0" ind2="1">
   <subfield code="a">Löffler Tibor</subfield>
  </datafield>
  <datafield tag="711" ind1=" " ind2=" ">
   <subfield code="a">Kari tudományos diákköri konferencia</subfield>
   <subfield code="c">Szeged, Magyarország</subfield>
   <subfield code="d">2012. október 30.</subfield>
  </datafield>
  <datafield tag="856" ind1="4" ind2="0">
   <subfield code="u">http://acta.bibl.u-szeged.hu/71455/1/ajtk_kari_konferencia_2012_048.pdf</subfield>
   <subfield code="z">Dokumentum-elérés </subfield>
  </datafield>
 </record>
</collection>
